Kluby piłkarskie Szkocji - nagła śmierć - Statystyki

Ogólne statystyki
  • Ten quiz został rozwiązany 90 razy
  • Średni wynik to 7 z 16
Answers on the Grid
Answers color-coded by a green-red scale on the quiz's grid according to % correct below.
Longford Town FC
Raith Rovers FC
Carmarthen Town
Inverness Caledonian Thistle FC
Motherwell FC
Morecambe FC
Livingston FC
Kilmarnock FC
St Joseph's FC
Dundee United FC
Celtic FC
Leamington FC
Partick Thistle FC
Queen's Park FC
Queens Park Rangers
Aberdeen FC
Hibernians FC
Hibernian FC
Northampton Town
Heart of Midlothian FC
Rangers FC
Burton Albion
St. Mirren FC
Falkirk FC
Bray Wanderers
Hamilton Academical FC
 
Statystyki odpowiedzi
Odpowiedź % Poprawnych
Celtic FC
82%
Rangers FC
69%
Motherwell FC
67%
Aberdeen FC
62%
Dundee United FC
62%
Heart of Midlothian FC
57%
Hibernian FC
57%
Kilmarnock FC
57%
St. Mirren FC
54%
Falkirk FC
36%
Livingston FC
31%
Hamilton Academical FC
30%
Inverness Caledonian Thistle FC
28%
Partick Thistle FC
20%
Queen's Park FC
13%
Raith Rovers FC
7%
Nie znaleziono quizów pasujących do podanych kryteriów
Rozkład punktacji
Procent ludzi z każdym wynikiem
Percentyl według liczby udzielonych odpowiedzi
Twoja historia wyników
Nie rozwiązałeś tego quizu